Станции метро Серо-Голубой ветки Москвы - Statistics

General Stats
  • This quiz has been taken 21 times
  • The average score is 6 of 7
Answer Stats
Названия % Correct
Лесопарковая
100%
Бунинская аллея
100%
Битцевский парк
94%
Улица Старокачаловская
94%
Бульвар Адмирала Ушакова
94%
Улица Скобелевская
81%
Улица Горчакова
75%
No matching quizzes found
Score Distribution
Percent of People with Each Score
Percentile by Number Answered
Your Score History
You have not taken this quiz